书目信息 |
| 题名: |
UNIX基础教程
|
|
| 作者: | 肖俊才 , 刘伟 , 龚汉明 编著 | |
| 分册: | ||
| 出版信息: | 北京 清华大学出版社 2007.07 |
|
| 页数: | 349页 | |
| 开本: | 26cm | |
| 丛书名: | 高等院校计算机应用技术系列教材 | |
| 单 册: | ||
| 中图分类: | TP316.81 | |
| 科图分类: | ||
| 主题词: | UNIX--高等学校--教材 | |
| 电子资源: | ||
| ISBN: | 978-7-302-15440-2 | |
| 000 | 01064nam 2200289 450 | |
| 005 | 20080927115735.96 | |
| 010 | @a978-7-302-15440-2@dCNY32.00 | |
| 100 | @a20070710d2007 am y0chiy0121 ea | |
| 101 | 0 | @achi |
| 102 | @aCN@b110000 | |
| 105 | @ay a 000yy | |
| 200 | 1 | @aUNIX基础教程@AUNIX ji chu jiao cheng@f龚汉明, 肖俊才, 刘伟编著 |
| 205 | @a第2版 | |
| 210 | @a北京@c清华大学出版社@d2007.07 | |
| 215 | @a349页@d26cm | |
| 225 | 2 | @a高等院校计算机应用技术系列教材@Agao deng yuan xiao ji suan ji ying yong ji shu xi lie jiao cai |
| 320 | @a有书目 | |
| 330 | @a本书详细介绍了UNIX的基础知识,对UNIX操作系统中的概念进行了重点讲述,并配合实例加深对概念的理解。主要内容包括:UNIX操作系统概述;常用的UNIX命令;UNIX文件系统;如何使用UNIX编辑器写文本等。 | |
| 410 | 0 | @12001 @a高等院校计算机应用技术系列教材 |
| 606 | 0 | @aUNIX@x高等学校@j教材 |
| 690 | @aTP316.81@v4 | |
| 701 | 0 | @a肖俊才@Axiao jun cai@4编著 |
| 701 | 0 | @a刘伟@Aliu wei@4编著 |
| 701 | 0 | @a龚汉明@Agong han ming@4编著 |
| 801 | 0 | @aCN@c20080927 |
| 905 | @dTP316.81@eG3841 | |
| 999 | @aLYX | |
| UNIX基础教程/龚汉明, 肖俊才, 刘伟编著.-第2版.-北京:清华大学出版社,2007.07 |
| 349页;26cm.-(高等院校计算机应用技术系列教材) |
| ISBN 978-7-302-15440-2:CNY32.00 |
| 本书详细介绍了UNIX的基础知识,对UNIX操作系统中的概念进行了重点讲述,并配合实例加深对概念的理解。主要内容包括:UNIX操作系统概述;常用的UNIX命令;UNIX文件系统;如何使用UNIX编辑器写文本等。 |
| ● |
| 相关链接 |
|
|
|
正题名:UNIX基础教程
索取号:TP316.81/G3841
 
预约/预借
| 序号 | 登录号 | 条形码 | 馆藏地/架位号 | 状态 | 备注 |
| 1 | 840775 | 208407758 | 自科二线504/504自科库 4排2列4层/ [索取号:TP316.81/G3841] | 在馆 |